000
00276nam a22001217a 4500
041
_a
ENG
100
_a
Hazra
245
_a
Basic Refrigeration & Airconditioning Hindi
260
_a
New Delhi
_b
Dhanpat Rai Pub
_c
1997
300
_a
395
650
_a
APE
856
_u
APE (10 )
999
_c
1764
_d
1764